[Collection containing 6 Masses, 6 Kyrie-Gloria pairs, 1 Gloria, 33 Mass Proper settings, 10 Magnificats, 1 Canticle, 13 psalms, 2 processional hymns, 1 German passion, 87 motets, 7 German sacred pieces.

Disimpan dalam:
Butiran Bibliografi
Pengarang Korporat: Sächsische Landesbibliothek (Dresden, Germany). Musikabteilung.
Format: Skor Muzik
Bahasa:Latin
Diterbitkan: 15--]
Subjek-subjek:
Penanda-penanda: Tambah Penanda
Tiada Penanda, Jadilah orang pertama menanda rekod ini!
LEADER 01312ndm a2200325 4500
001 007769229-2
005 20020606104010.5
008 980421s15uu xx muz| a nn| lat d
035 0 |a ocm39263897 
040 |a MH-Mu  |c MH-Mu 
041 0 |a latger 
047 |a ms  |a hy  |a pm  |a mo  |a zz 
110 2 |a Sächsische Landesbibliothek (Dresden, Germany).  |b Musikabteilung.  |k Manuscript.  |n Glashütte 5. 
245 0 0 |a [Collection containing 6 Masses, 6 Kyrie-Gloria pairs, 1 Gloria, 33 Mass Proper settings, 10 Magnificats, 1 Canticle, 13 psalms, 2 processional hymns, 1 German passion, 87 motets, 7 German sacred pieces. 
260 |c 15--] 
300 |a 2 ms. parts. 
510 4 |a Census-catalogue of manuscript sources of polyphonic music 1400-1550,  |c I, p. 177-178 (DresSL Glashütte 5). 
500 |a Discantus and alto parts. 
650 0 |a Masses  |y 16th century  |x Parts. 
650 0 |a Kyrie eleison (Music)  |y 16th century. 
650 0 |a Gloria in excelsis Deo (Music)  |y 16th century. 
650 0 |a Magnificat (Music)  |y 16th century. 
650 0 |a Canticles  |y 16th century. 
650 0 |a Psalms (Music)  |y 16th century. 
650 0 |a Hymns, Latin  |y 16th century. 
650 0 |a Passion music  |y 16th century. 
650 0 |a Motets  |y 16th century. 
650 0 |a Sacred vocal music  |y 16th century. 
988 |a 20020608 
906 |0 MH